01330nam a22004097a 4500001001000000003000900010005001700019007000300036008003400039040005400073041001000127072002000137090001800157110012100175245014300296260003700439300001000476500001900486650001600505650002000521650000900541650001500550650002000565650001600585650001500601650002100616650001300637650001600650650001000666650001300676650001100689650001000700909003600710942000700746999001700753952015000770BR8005388BR-BrBNA20230928090722.0ta230509b bl.||||| |||| 00| 0 por d aBR-BrBNAbporcBiblioteca Nacional de Agricultura a(Por) aE30; E50b/G514  E30 BR80053881 aSuperintendencia do Desenvolvimento do Estado do Ceara, Fortaleza (Brasil). Depto. de Desenvolvimento Micro-Regional1 aLevantamento basico dos municipios cearenses 1980. Baixio [fisiografia, estatistica de producao, mercado, sociologia rural, Brasil]bv. 183 aFortaleza, CE (Brasil): c1980.  a86 p. aNumerical data aFISIOGRAFIA aRECURSO HIDRICO aSOLO aDEMOGRAFIA aCOMERCIALIZACAO aURBANIZACAO aTRANSPORTE aSOCIOLOGIA RURAL aEDUCACAO aCOMUNICACAO aSAUDE aESTATUTO aBAIXIO aCEARA a202309bLuciac55dLucia Elande cBK c30194d30194 002AGRIS40708AGROBASEa41918b41918l0o E30 BR8005388pE30 BR8005388r2023-09-25t01yBK10d2023-09-25ePortaria Interministerial nÂș 164/94